Score 0/24 Timer 04:00
0 Plays Today
TV Show Answer % Correct
Happy ___ (D)Days
96.8%
Hawaii Five-___ (O)O
96.8%
Hell's ___ (K)Kitchen
96.7%
Hannah ___ (M)Montana
96%
H2O: Just Add ___ (W)Water
95%
Hill Street ___ (B)Blues
93.1%
He & ___ (S)She
92.7%
The Handmaid's ___ (T)Tale
91.2%
Hogan's ___ (H)Heroes
88.1%
Home ___ (I)Improvement
87.8%
Hooking ___ (U)Up
87.6%
Hot in ___ (C)Cleveland
75.6%
TV Show Answer % Correct
Hey ___! (A)Arnold
71.3%
Halt and Catch ___ (F)Fire
63%
House of ___ (L)Lies
53.9%
How to Look Good ___ (N)Naked
50.3%
High School ___ (R)Reunion
45.8%
Hemlock ___ (G)Grove
42.6%
Happy ___ (E)Endings
42.1%
H.R. ___ (P)Pufnstuf
38.1%
Happy ___ (V)Valley
33.1%
Hercules: The Legendary ___ (J)Journeys
26.8%
Harmon___ (Q)Quest
21.1%
Hank ___ (Z)Zipzer
6.1%

Today's Daily Dose

Word Ladder
Athletics

Remove Ads.
Support Sporcle.
Get the best of Sporcle when you Go Orange. This ad-free experience offers more features, more stats, and more fun while also helping to support Sporcle. Thank you for becoming a member.

You're not logged in!

Compare scores with friends on all Sporcle quizzes.
OR
Log In

Show Comments

Extras

Top Quizzes Today


Score Distribution

Your Account Isn't Verified!

In order to create a playlist on Sporcle, you need to verify the email address you used during registration. Go to your Sporcle Settings to finish the process.

Report this User

Report this user for behavior that violates our Community Guidelines.

Details: